00245nam a2200097Ia 4500008004100000100001300041245002700054260003000081300000900111650002700120190216s9999||||xx |||||||||||||| ||und|| aWells Hg 0aLokacharitra Samgraham bNational Book Stallc1986 a608p aLokacharitra Samgraham